|
|
|
|
| LEADER |
00000nam0a2200000 4500 |
| 001 |
40539 |
| 005 |
20231031013106.0 |
| 010 |
|
|
|a 5893491270
|
| 035 |
|
|
|a (RuTPU)RU\TPU\book\41597
|
| 090 |
|
|
|a 40539
|
| 100 |
|
|
|a 20020518d2001 m y0rusy50 ca
|
| 101 |
0 |
|
|a rus
|
| 102 |
|
|
|a RU
|
| 105 |
|
|
|a y f 001zy
|
| 200 |
1 |
|
|a Что непонятно у классиков, или энциклопедия русского быта XIX века
|f Ю. А. Федосюк
|
| 205 |
|
|
|a 4-е изд.
|
| 210 |
|
|
|a Москва
|c Флинта
|d 2001
|
| 215 |
|
|
|a 264 с.
|
| 320 |
|
|
|a Алф. указ. толкуемых слов: с. 241-258.
|
| 610 |
1 |
|
|a история
|
| 610 |
1 |
|
|a этнография
|
| 610 |
1 |
|
|a Россия
|
| 610 |
1 |
|
|a 19 век
|
| 610 |
1 |
|
|a календари
|
| 610 |
1 |
|
|a родство
|
| 610 |
1 |
|
|a русские меры
|
| 610 |
1 |
|
|a деньги
|
| 610 |
1 |
|
|a власть
|
| 610 |
1 |
|
|a звания
|
| 610 |
1 |
|
|a чины
|
| 610 |
1 |
|
|a армия
|
| 610 |
1 |
|
|a гвардия
|
| 610 |
1 |
|
|a награды
|
| 610 |
1 |
|
|a дворянство
|
| 610 |
1 |
|
|a крестьянство
|
| 610 |
1 |
|
|a одежда
|
| 610 |
1 |
|
|a досуг
|
| 610 |
1 |
|
|a средства передвижения
|
| 610 |
1 |
|
|a энциклопедии
|
| 686 |
|
|
|a Т52(2=411.2)-73я2
|v LBC/SL-A
|2 rubbk
|
| 700 |
|
1 |
|a Федосюк
|b Ю. А.
|g Юрий Александрович
|
| 801 |
|
1 |
|a RU
|b 63413507
|c 20020518
|g PSBO
|
| 801 |
|
2 |
|a RU
|b 63413507
|c 20130507
|g PSBO
|
| 942 |
|
|
|c BK
|